Văn bản pháp quy về quản lí tài chính hành chính sự nghiệp; T5

Na minha lista:
Detalhes bibliográficos
Autor principal: Bộ Tài Chính
Formato: Livro
Idioma:Undetermined
Publicado em: Hà Nội Tài Chính 2001
Assuntos:
Tags: Adicionar Tag
Sem tags, seja o primeiro a adicionar uma tag!
Thư viện lưu trữ: Trung tâm Học liệu Trường Đại học Cần Thơ
LEADER 00604nam a2200169Ia 4500
001 CTU_41687
008 210402s9999 xx 000 0 und d
082 |a 343.59703 
082 |b B450/T5 
100 |a Bộ Tài Chính 
245 0 |a Văn bản pháp quy về quản lí tài chính hành chính sự nghiệp; T5 
245 0 |c Bộ Tài Chính 
260 |a Hà Nội 
260 |b Tài Chính 
260 |c 2001 
650 |a accounting - law and legislation - vietnam,finance, public - vietnam - law and legislation 
980 |a Trung tâm Học liệu Trường Đại học Cần Thơ